| Tag |
First Indicator |
Second Indicator |
Subfields |
| LEADER |
00000cam a2200000 i 4500 |
| 001 |
in00000093695 |
| 005 |
20150927070211.0 |
| 008 |
790725s1978 alu b 00010 eng |
| 010 |
|
|
|a 79309657
|
| 015 |
|
|
|a GB79-03209
|
| 020 |
|
|
|a 0704403129 :
|c 1.60
|
| 035 |
|
|
|a (OCoLC)05405643
|
| 035 |
|
|
|9 AAL5543AM
|
| 040 |
|
|
|a DLC
|c DLC
|d TXA
|d UtOrBLW
|
| 049 |
|
|
|a TXAM
|c [1159589]
|
| 050 |
0 |
0 |
|a PG3337.L4
|b G497
|
| 082 |
0 |
|
|a 891.7/3/3
|
| 100 |
1 |
|
|a Turner, C. J. G.
|
| 245 |
1 |
0 |
|a Pechorin :
|b an essay on Lermontov's "A hero of our time" /
|c [by] C. J. G. Turner.
|
| 264 |
|
1 |
|a Birmingham :
|b Department of Russian Language and Literature, University of Birmingham,
|c 1978.
|
| 300 |
|
|
|a vi, 93 pages ;
|c 21 cm.
|
| 336 |
|
|
|a text
|b txt
|2 rdacontent
|
| 337 |
|
|
|a unmediated
|b n
|2 rdamedia
|
| 338 |
|
|
|a volume
|b nc
|2 rdacarrier
|
| 490 |
1 |
|
|a Birmingham Slavonic monographs,
|x 0141-3805 ;
|v no. 5
|
| 504 |
|
|
|a Bibliography: pages 83-93.
|
| 600 |
1 |
0 |
|a Lermontov, Mikhail I͡Urʹevich,
|d 1814-1841.
|t Geroĭ nashego vremeni.
|
| 830 |
|
0 |
|a Birmingham Slavonic monographs ;
|v no. 5.
|
| 999 |
|
|
|a MARS
|
| 999 |
f |
f |
|s 5e4ba555-b7eb-3182-8e2a-f8a15b8d6941
|i b175d1c7-e45b-333f-819a-01a6b6f29c96
|t 0
|
| 952 |
f |
f |
|p ric
|a Texas A&M University
|b Rellis Campus
|c Joint Library Facility
|s JLF
|d Remote Storage
|t 0
|e PG3337.L4 G497
|h Library of Congress classification
|i unmediated -- volume
|m A14803620628
|
| 998 |
f |
f |
|a PG3337.L4 G497
|t 0
|l Remote Storage
|